| 000 | 01087nac a22002891i 4500 | ||
|---|---|---|---|
| 003 | EG-ScBUE | ||
| 005 | 20250616124421.0 | ||
| 008 | 250616s2001 mau f b 001 0 eng d | ||
| 020 | _a075065080X | ||
| 020 | _a9780750650809 | ||
| 040 |
_aEG-ScBUE _beng _erda _cEG-ScBUE _dEG-ScBUE |
||
| 082 | 0 | 4 |
_a536.50287 _bCHI _222 |
| 100 | 1 |
_aChilds, Peter R. N., _eauthor. |
|
| 245 | 1 | 0 |
_aPractical temperature measurement / _cPeter R.N. Childs, reader, University of Sussex. |
| 264 | 1 |
_aBoston : _bButterworth-Heinemann, _c2001. |
|
| 300 |
_axi, 372 pages ; _c24 cm |
||
| 336 |
_2rdacontent _atext _btxt |
||
| 337 |
_aunmediated _2rdamedia _bn |
||
| 338 |
_avolume _bnc _2rdacarrier |
||
| 504 | _aIncludes bibliographical references and index. | ||
| 650 | 7 |
_aTemperature measurements. _2BUEsh |
|
| 650 | 7 |
_aTemperature measuring instruments. _2BUEsh |
|
| 655 | _vReading book | ||
| 856 | 4 | 2 |
_3Publisher description _uhttp://www.loc.gov/catdir/description/els031/2001037460.html |
| 856 | 4 | 2 |
_3Table of contents _uhttp://www.loc.gov/catdir/toc/els031/2001037460.html |
| 942 |
_cBB _2ddc |
||
| 999 |
_c5299 _d5299 |
||